İngiltere İtalya ve Habeş Harbi (Kayıt no. 12559)

MARC ayrıntıları
000 -BAŞLIK
Sabit Uzunlukta Kontrol Alanı 00849na a2200265 4500
001 - KONTROL NUMARASI
Denetim Alanı 24620
003 - KONTROL NUMARASI IDENTIFIER
Denetim Alanı MIRAKIL
005 - SON İŞLEM TARİHİ VE ZAMANI
Denetim Alanı 20190109120945.0
008 - SABİT-BOY VERİ ELEMANLARI - GENEL BİLGİLER
Sabit Uzunlukta Kontrol Alanı 181218b tu 000 0
020 ## - ULUSLARARASI STANDART KİTAP NUMARASI
Uluslararası Standart Kitap Numarası 9757369519
041 ## - DİL KODU
Metin / Ses Parça Veya Ayrı Başlığın Dil Kodu tur
082 ## - DEWEY ONLU SINIFLANDIRMA NUMARASI
Sınıflandırma Numarası 963.056
Ürün Numarası K26i 1995
090 ## - SINIFLAMA NUMARASI
Sınıflama Numarası 963.56 K26i 1995
100 ## - ANA GİRİŞ - KİŞİSEL İSİM
Kişisel Ad Karabekir, Kazım
Bir Adıyla İlişkilendirilen Tarihler 1882-1948
245 ## - BAŞLIK TABLOSU
Başlık İngiltere İtalya ve Habeş Harbi
Başlığın Kalan uluslar birbirlerini sevmezler çıkarları derecesinde sever görünürler.
Sorumluluk Tablosu, Vb Kazım Karabekir
260 ## - YAYIN, DAĞITIM, VB
Yayın, Dağıtım, Vb Yeri Ankara
Yayıncı, Dağıtıcı, Vs Adı Emre yayınları
Yayın, Dağıtım, Vb Tarihi 1995
300 ## - FİZİKSEL TANIM
Kapsam 122 s.
Diğer Fiziksel Ayrıntıları hrt.
Boyutlar 19 sm.
440 ## - SERİSİ TABLOSU / KATMA GİRİŞİ - BAŞLIK
Başlık Emre yayınları
Hacim / Ardışık Tanımı 43
490 ## - SERİSİ TABLOSU
Seri Beyanı Yakın tarih serisi
Hacim / Ardışık Tanımı 26
650 ## - KONU KATMA GİRİŞ - TOPİKAL DÖNEM
Topikal Süreli Veya Coğrafi Ad Giriş Elemanı Habeş harbi
650 ## - KONU KATMA GİRİŞ - TOPİKAL DÖNEM
Topikal Süreli Veya Coğrafi Ad Giriş Elemanı İngiltere
Genel Alt Bölümü Dış ilişkiler
Kronolojik Alt Bölümü Etiyopya
650 ## - KONU KATMA GİRİŞ - TOPİKAL DÖNEM
Topikal Süreli Veya Coğrafi Ad Giriş Elemanı italya
Genel Alt Bölümü Dış ilişkiler
Coğrafi Alt Bölümü Etiyopya
700 ## - KATMA GİRİŞ - KİŞİSEL İSİM
Kişisel Ad Özerengin, Faruk
Relator Terim yay. haz.
942 ## - EKLENDİ GİRİŞ ELEMANLARI (KOHA)
Sınıflandırma Veya Raf Düzeni Kaynak Dewey Decimal Classification
Koha Öğesi Türü Kitaplar
999 ## - SİSTEM KONTROL NUMARALARI (KOHA)
Koha Biblionumber 12559
Koha Biblioitemnumber 12559
Mevcut
Kalıcı Konum Mevcut Konum Edinme Tarihi Edinim Kaynak Toplam Check-Out'Lar Tam Çağrı Numarası Barkod Tarih Son Görülme İtibaren Geçerli Fiyatlar Koha Öğesi Türü
CHP Kütüphanesi CHP Kütüphanesi 01/09/2019 Bağış   963.56 K26i 1995 018696 01/09/2019 01/09/2019 Kitaplar